1560 1144 1578 1290 1254 1109 1658 1992 1298 1474 1396 1263 1453 1000 1399 1697 1994 1103 1601 1315 1654 1171 1018 1792 1392 1093 1926 1641 1592 1032 1548 1951 1572 1113 1447 1027 1854 1413 1361 1188 1471 1541 1638 1775 1824 1220 1538 1913 1225 1282 1454 1774 1509 1179 1393 1624 1650 1261 1347 1518 1845 1542 1910 1492 1479 1808 1085 1242 1769 1465 1790 1025 1254 1728 1323 1772 1985 1550 1768 1029 1817 1180 1419 1496 1845 1350 1049 1074 1663 1906 1048 1153 1991 1927 1746 1004 1794 1465 1608 BCNSPRNW ULIB Ver.6.0+V

เปลี่ยนเป็นภาษาไทย

Change to English
 แสดงรายละเอียดบรรณานุกรม
  กลับหน้าหลัก

Brief Record : Get Marc (ISO 2709) : E-mail record : QR code < ปิดหน้าต่าง
LEADER : 00000nam 2200000uu 4500
001    13399120068
003     ULIB
008    120828s2555||||th 000 0 tha d
020    ^a9749094824 (ล.3)
020    9789749094822(ล.3)
040    ^abra
060 04 ^aQV4^bภ781 ล.3
245 00 ^aเภสัชวิทยา^nเล่ม 3 =^bPharmacology III /^cบรรณาธิการ,พยงค์ เทพอักษร, โพยม วงศ์ภูวรักษ์
246 31 ^aPharmacology III
250    ^aพิมพ์ครั้งที่ 2
260    ^aนนทบุรี :^bโครงการสวัสดิการวิชาการ สถาบันพระบรมราชชนก,^c2555
300    ^a510 หน้า :^bภาพประกอบ ;^c27 ซม.
650  2 ^aPharmacology
650  7 ^aเภสัชวิทยา
700 0  ^aพยงค์ เทพอักษร,^eบรรณาธิการ
700 0  ^aโพยม วงศ์ภูวรักษ์,^eบรรณาธิการ
710 2  ^aสถาบันพระบรมราชชนก. ^bโครงการสวัสดิการวิชาการ
945    ^p250^l0^i032596
945    ^p250^l0^i032597
945    ^p250^l0^i032598
995    ^aทศพร
999    ^aทศพร
รายการนี้ยังไม่มีแท็ก
คุณยังไม่ได้ล็อกอิน คุณสามารถมีกิจกรรมร่วมกับเว็บไซต์ได้ แต่ต้องล็อกอินก่อน ::
  ล็อกอิน

รายการสื่อสารสนเทศ

ลำดับที่ ประเภท เลขเรียก/บาร์โค้ด สถานที่ สถานะ
1. วิทยาศาสตร์การแพทย์ และสุขภาพ
หนังสือสำรอง
สถานะ=หนังสือสำรอง
QV4 ภ781 ล.3 ฉ.1 
  Barcode: 032596
ห้องสมุดวิทยาเขตสวรรค์ประชารักษ์
►ส่วนจัดเก็บหนังสือเก่า สปร
บนชั้น
  ขอยืม
2. วิทยาศาสตร์การแพทย์ และสุขภาพ
วิทยาศาสตร์การแพทย์ และสุขภาพ
QV4 ภ781 ล.3 ฉ.2 
  Barcode: 032597
ห้องสมุดวิทยาเขตสวรรค์ประชารักษ์
►ส่วนจัดเก็บหนังสือเก่า สปร
บนชั้น
  ขอยืม
3. วิทยาศาสตร์การแพทย์ และสุขภาพ
วิทยาศาสตร์การแพทย์ และสุขภาพ
QV4 ภ781 ล.3 ฉ.3 
  Barcode: 032598
ห้องสมุดวิทยาเขตสวรรค์ประชารักษ์
►ส่วนจัดเก็บหนังสือเก่า สปร
บนชั้น
  ขอยืม

รายการใกล้เคียง
    หัวเรื่อง [Pharmacology]
    หัวเรื่อง [เภสัชวิทยา]

BibComment


ยังไม่เคยถูกคอมเมนท์

คอมเมนท์ทรัพยากรรายการนี้
  คอมเมนท์: เภสัชวิทยา เล่ม ..


 Copyright 2026. Bcnsprnw @Library